000 00816pam a2200253 a 4500
001 4904344
005 20180116040615.0
008 940104s1994 inu b 000 0 eng
010 _a 94000362
020 _a0872202194 (cloth)
020 _a0872202186 (pbk. : alk. paper)
040 _aDLC
_cDLC
_dDLC
041 1 _aeng
080 _a335.4
082 0 0 _a335.4 MAR
_220
100 1 _a19
101 _aSHP
240 1 0 _aWorks.
_kSelections.
_lEnglish.
_f1994
245 1 0 _aSelected writings /
_cKarl Marx ; edited, with introduction, by Lawrence H. Simon.
504 _aIncludes bibliographical references.
906 _a7
_bcbc
_corignew
_d1
_eocip
_f19
_gy-gencatlg
942 _2ddc
_cBK
999 _c40349
_d40349